[Event "DRUZYNOWE MISTRZOSTWA POLSKI JUNIOROW - II LIGA"]
[Site "Szczyrk, CKiR Orle Gniazdo ul. Wrzosowa 28a"]
[Date "2014-07-31"]
[Round "9.100"]
[White "Modlich, Piotr"]
[Black "Bober, Tomasz"]
[Result "1-0"]
[WhiteTitle "II"]
[BlackTitle "II"]
[WhiteElo "1465"]
[BlackElo "1161"]

1. e4 e5 2. Nf3 Nc6 3. Bb5 a6 4. Ba4 Bc5 5. c3 Nf6 6. Bc2 d6 7. h3 O-O 8. O-O Be6
9. d4 exd4 10. cxd4 Bc4 11. dxc5 Bxf1 12. Qxf1 dxc5 13. Bg5 Qd6 14. Nc3 Ne5 15.
Qe2 Rfe8 16. Rd1 Nxf3+ 17. Qxf3 Qe5 18. Bxf6 Qxf6 19. Qxf6 gxf6 20. Nd5 Red8 21.
Nxc7 Rxd1+ 22. Bxd1 Rd8 23. Nd5 Kg7 24. Bf3 b5 25. Kf1 Kg6 26. Ke2 f5 27. Ne7+
Kf6 28. Nxf5 c4 29. Ne3 Rd4 30. Nd5+ Ke5 31. Ne3 Kf6 32. g3 b4 33. Nc2 1-0

[Event "DRUZYNOWE MISTRZOSTWA POLSKI JUNIOROW - II LIGA"]
[Site "Szczyrk, CKiR Orle Gniazdo ul. Wrzosowa 28a"]
[Date "2014-07-31"]
[Round "9.102"]
[White "Hryn, Aleksandra"]
[Black "Jurkiewicz, Zuzanna"]
[Result "0-1"]
[WhiteTitle "I"]
[BlackTitle "I"]
[WhiteElo "1293"]
[BlackElo "1442"]

1. e4 c5 2. Nf3 e6 3. d4 cxd4 4. Nxd4 a6 5. Bd3 d6 6. O-O Nf6 7. c4 Be7 8. Nc3
O-O 9. Kh1 Nbd7 10. f4 Qc7 11. Qe2 b6 12. Bd2 Bb7 13. b3 Rfd8 14. Rae1 Nc5 15.
Bc2 Rac8 16. Qf2 Kh8 17. Qg3 h6 18. e5 dxe5 19. fxe5 Rxd4 20. exf6 Qxg3 21. hxg3
Bxg2+ 22. Kxg2 Rxd2+ 23. Rf2 Rxf2+ 24. Kxf2 Bxf6 25. Ne2 Rd8 26. Rd1 Rxd1 27.
Bxd1 Kg8 28. Ke3 Kf8 29. Bc2 g6 30. Nd4 Ke7 31. Nc6+ Kd6 32. Nd4 Nd7 33. Be4 Nc5
34. Bc2 Bxd4+ 35. Kxd4 e5+ 36. Ke3 Ne6 37. Ke4 f5+ 38. Ke3 e4 39. Bd1 h5 40. Be2
Ke5 41. b4 Nd4 42. b5 axb5 43. cxb5 Nxe2 44. Kxe2 Kd4 45. a4 Kc5 46. Ke3 Kb4 0-1

[Event "DRUZYNOWE MISTRZOSTWA POLSKI JUNIOROW - II LIGA"]
[Site "Szczyrk, CKiR Orle Gniazdo ul. Wrzosowa 28a"]
[Date "2014-07-31"]
[Round "9.103"]
[White "Kaluzny, Tomasz"]
[Black "Rudecki, Bartosz"]
[Result "1-0"]
[WhiteTitle "I"]
[BlackTitle "II+"]
[WhiteElo "1765"]
[BlackElo "1578"]

1. c4 Nf6 2. Nc3 g6 3. g3 Bg7 4. Bg2 O-O 5. e4 d6 6. Nge2 e5 7. O-O Nc6 8. d3 Nh5
9. Be3 f5 10. Nd5 Be6 11. Qd2 Qd7 12. Rac1 Ne7 13. Bg5 Nc8 14. exf5 Bxf5 15. Ndc3
Bh3 16. Bxb7 Rb8 17. Bg2 Bxg2 18. Kxg2 c6 19. b3 d5 20. Bh6 d4 21. Ne4 Nd6 22.
Nxd6 Qxd6 23. Bxg7 Nxg7 24. Rce1 Rf7 25. Ng1 Rbf8 26. Nh3 Ne6 27. Ng5 Nxg5 28.
Qxg5 Rf5 29. Qd2 Rf3 30. Re4 R8f5 31. Qe2 Qf6 32. b4 h5 33. a4 g5 34. b5 cxb5
35. axb5 h4 36. c5 h3+ 37. Kg1 Qe7 38. c6 Kg7 39. Rxd4 Qc5 40. Rc4 Qf8 41. c7
Qc8 42. Qe4 Kf7 43. Qd5+ Ke7 44. Rc6 1-0

[Event "DRUZYNOWE MISTRZOSTWA POLSKI JUNIOROW - II LIGA"]
[Site "Szczyrk, CKiR Orle Gniazdo ul. Wrzosowa 28a"]
[Date "2014-07-31"]
[Round "9.104"]
[White "Gajewski, Marcin"]
[Black "Kaluzny, Jan"]
[Result "1/2-1/2"]
[WhiteTitle "II"]
[BlackTitle "II"]
[WhiteElo "1415"]
[BlackElo "1367"]

1. Nf3 d5 2. g3 c6 3. Bg2 e6 4. O-O f5 5. d4 Nf6 6. Bf4 Bd6 7. Be5 O-O 8. Nbd2
Bxe5 9. Nxe5 Nbd7 10. Nxd7 Bxd7 11. c4 Rb8 12. c5 Ne4 13. Nf3 Ng5 14. Ne5 Nf7
15. Nd3 Qf6 16. Qa4 a6 17. e3 Rfd8 18. f4 b5 19. Qc2 Ra8 20. a4 h6 21. axb5 axb5
22. Nb4 Rdb8 23. b3 Qd8 24. Qb2 Rb7 25. Rxa8 Qxa8 26. Ra1 Ra7 27. Rxa7 Qxa7 28.
Qa2 Qxa2 29. Nxa2 Nd8 30. Bf3 Nb7 31. b4 g6 32. Nc1 h5 33. Nd3 Kg7 34. Ne5 Be8
35. h4 Nd8 36. Be2 Nf7 37. Nxf7 Kxf7 38. Bd3 Bd7 39. Kf2 Ke7 40. Bc2 Kf7 41. Kf3
1/2-1/2

[Event "DRUZYNOWE MISTRZOSTWA POLSKI JUNIOROW - II LIGA"]
[Site "Szczyrk, CKiR Orle Gniazdo ul. Wrzosowa 28a"]
[Date "2014-07-31"]
[Round "9.105"]
[White "Niemier, Hubert"]
[Black "Gondro, Kacper"]
[Result "0-1"]
[WhiteTitle "II"]
[BlackTitle "II"]
[WhiteElo "1413"]
[BlackElo "1514"]

1. d4 d5 2. c4 e6 3. Nc3 Nf6 4. cxd5 exd5 5. Bg5 c6 6. e3 Be7 7. Bd3 Nbd7 8. Nge2
O-O 9. O-O Re8 10. f3 Nf8 11. Bh4 Ng6 12. Bf2 Bd6 13. e4 dxe4 14. fxe4 Ng4 15.
e5 Bc7 16. h3 Nxf2 17. Rxf2 Bb6 18. Bc4 Be6 19. Bxe6 Rxe6 20. Na4 Rc8 21. Nc5
Bxc5 22. dxc5 Qxd1+ 23. Rxd1 Rxe5 24. Nc3 f6 25. Rd7 Re7 26. Rfd2 Rce8 27. Kf2
Ne5 28. Rxe7 Rxe7 29. Ne2 Rd7 30. Rd6 Nd3+ 31. Ke3 Nxc5 32. Rxd7 Nxd7 33. Kd4
Kf7 34. Nc3 f5 35. Ne2 g5 36. Ng3 Kg6 37. Nf1 Kf6 38. Nd2 Ke6 39. b4 Nb6 40. Nf3
h6 41. Ne5 Nd5 42. Nd3 b6 43. g3 Nxb4 44. Nxb4 c5+ 45. Kc4 cxb4 46. Kxb4 Kd5 47.
Kb5 f4 48. gxf4 gxf4 49. Ka6 Kc6 50. Kxa7 f3 51. h4 f2 52. h5 f1=Q 53. a4 Qf7+
54. Ka6 Qb7# 0-1

[Event "DRUZYNOWE MISTRZOSTWA POLSKI JUNIOROW - II LIGA"]
[Site "Szczyrk, CKiR Orle Gniazdo ul. Wrzosowa 28a"]
[Date "2014-07-31"]
[Round "9.107"]
[White "Walkowiak, Bogumila"]
[Black "Mielczarek, Joanna"]
[Result "0-1"]
[WhiteTitle "II"]
[BlackTitle "I"]
[WhiteElo "1240"]
[BlackElo "1562"]

1. e4 d6 2. Nf3 g6 3. d4 Nf6 4. Bd3 Bg7 5. c3 O-O 6. O-O Nbd7 7. Re1 e5 8. dxe5
dxe5 9. Bc2 b6 10. Bg5 h6 11. Bh4 g5 12. Bg3 Qe7 13. Nbd2 Bb7 14. Nf1 Ne8 15.
Ne3 Nd6 16. Nd2 Nc5 17. Nf5 Nxf5 18. exf5 Rad8 19. Qe2 Rfe8 20. Rad1 Bf6 21. f3
Ba6 22. c4 Bb7 23. Bf2 Nd7 24. Ne4 Nb8 25. Rxd8 Qxd8 26. Rd1 Qe7 27. Nxf6+ Qxf6
28. Be4 Bxe4 29. Qxe4 c5 30. a3 Nc6 31. b3 Re7 32. g4 Nd4 33. Bxd4 exd4 34. Qc2
Re3 35. Rf1 Qe5 36. Qd1 Re2 0-1

[Event "DRUZYNOWE MISTRZOSTWA POLSKI JUNIOROW - II LIGA"]
[Site "Szczyrk, CKiR Orle Gniazdo ul. Wrzosowa 28a"]
[Date "2014-07-31"]
[Round "9.109"]
[White "Szczecina, Kamil"]
[Black "Kruszynski, Krzysztof"]
[Result "1/2-1/2"]
[WhiteTitle "I"]
[BlackTitle "II"]
[WhiteElo "1889"]
[BlackElo "1675"]

1. Nf3 Nf6 2. g3 g6 3. Bg2 Bg7 4. O-O O-O 5. d3 d5 6. Nbd2 c5 7. e4 Nc6 8. Qe2
e5 9. h3 d4 10. Ne1 Nh5 11. Kh2 Qc7 12. a4 Be6 13. Nc4 a6 14. f4 b5 15. Na3 b4
16. Nc4 Bxc4 17. dxc4 b3 18. cxb3 Na5 19. Ra3 Rab8 20. Qd1 Qb6 21. Nd3 Nxb3 22.
a5 Nxa5 23. Qa4 Nb3 24. Bf3 Nxc1 25. Rxc1 exf4 26. g4 Nf6 27. e5 Ne8 28. Qxa6
Qc7 29. Ra5 Rb3 30. Ra3 Rb6 31. Qa7 Bxe5 32. Qxc7 Bxc7 33. Rc2 Bd6 34. Ra5 Rb3
35. Rd2 Nc7 36. Bd1 Rb6 37. b4 Ra6 38. Rxa6 Nxa6 39. bxc5 Nxc5 40. Nxc5 Bxc5 41.
Kg2 Ra8 42. Rd3 g5 43. Kf3 Re8 44. Be2 Kg7 45. Rb3 Kf6 46. Rd3 Re7 47. Rb3 Re5
48. Rd3 Ke6 49. Rb3 Re3+ 50. Rxe3+ fxe3 51. Ke4 h6 52. Bd3 1/2-1/2

[Event "DRUZYNOWE MISTRZOSTWA POLSKI JUNIOROW - II LIGA"]
[Site "Szczyrk, CKiR Orle Gniazdo ul. Wrzosowa 28a"]
[Date "2014-07-31"]
[Round "9.110"]
[White "Osinski, Kamil"]
[Black "Stemplewski, Kamil"]
[Result "1-0"]
[WhiteTitle "I"]
[BlackTitle "II"]
[WhiteElo "1815"]
[BlackElo "1535"]

1. e4 c5 2. Nf3 d6 3. d4 cxd4 4. Nxd4 Nf6 5. Nc3 a6 6. Bg5 e6 7. f4 Nbd7 8. Qf3
Qc7 9. O-O-O Be7 10. Bd3 b5 11. Rhe1 Bb7 12. Nd5 exd5 13. Nf5 Bf8 14. e5 dxe5
15. fxe5 Nxe5 16. Nxg7+ Bxg7 17. Bxf6 O-O 18. Rxe5 Qxe5 19. Bxe5 Bxe5 20. Qf5
Rfe8 21. Qxh7+ Kf8 22. Rf1 Bg7 23. Bg6 Re7 24. Qh5 Rae8 25. Kd2 f6 26. Bxe8 Rxe8
27. g4 Re5 28. Qxe5 1-0

[Event "DRUZYNOWE MISTRZOSTWA POLSKI JUNIOROW - II LIGA"]
[Site "Szczyrk, CKiR Orle Gniazdo ul. Wrzosowa 28a"]
[Date "2014-07-31"]
[Round "9.115"]
[White "Chmielarz, Maciej"]
[Black "Krasinski, Mateusz"]
[Result "1-0"]
[WhiteTitle "I"]
[BlackTitle "II+"]
[WhiteElo "1862"]
[BlackElo "1657"]

1. d4 Nf6 2. c4 c5 3. d5 b5 4. cxb5 a6 5. b6 Qxb6 6. Nc3 g6 7. e4 d6 8. Be2 Bg7
9. Nf3 Nbd7 10. Nd2 O-O 11. O-O Rb8 12. a4 Qc7 13. a5 Bb7 14. Nc4 Rfd8 15. f4
Ne8 16. Bf3 Bd4+ 17. Be3 Bxe3+ 18. Nxe3 Ba8 19. Qe2 Rb4 20. Nc4 Qb8 21. e5 Ng7
22. Bg4 dxe5 23. fxe5 Rxc4 24. Qxc4 Nxe5 25. Qe2 Nxg4 26. Qxg4 Bxd5 27. Nxd5 Rxd5
28. Rad1 Rxd1 29. Rxd1 Nf5 30. Qe2 Qc8 31. Rc1 Qc6 32. b4 Qd5 33. bxc5 Nd4 34.
Qxe7 Nf3+ 35. gxf3 1-0

[Event "DRUZYNOWE MISTRZOSTWA POLSKI JUNIOROW - II LIGA"]
[Site "Szczyrk, CKiR Orle Gniazdo ul. Wrzosowa 28a"]
[Date "2014-07-31"]
[Round "9.118"]
[White "Smieszek, Maksymilian"]
[Black "Jedras, Adrianna"]
[Result "1/2-1/2"]
[WhiteTitle "III"]
[BlackTitle "II"]
[WhiteElo "1309"]
[BlackElo "1263"]

1. e4 e5 2. Nf3 Nc6 3. Bc4 Bc5 4. O-O Nf6 5. Ng5 O-O 6. Nc3 h6 7. Nf3 d6 8. h3
Be6 9. Bb3 Nd4 10. d3 Re8 11. Be3 c6 12. Bxd4 exd4 13. Na4 Qc7 14. Nxc5 dxc5 15.
Re1 Re7 16. Qd2 Rae8 17. Re2 Nh5 18. e5 Bxb3 19. axb3 f6 20. e6 Nf4 21. Re4 Nxe6
22. Rxa7 Ng5 23. Nxg5 hxg5 24. Rxe7 Qxe7 25. Kf1 Qc7 26. g3 Qd7 27. Kg2 Qd5+ 28.
Kg1 Qd7 29. Kh2 Re7 30. Ra8+ Kf7 31. Qd1 Kg6 32. Rh8 Kf7 33. Qh5+ g6 34. Rh7+
Kf8 35. Qh6+ Rg7 36. Qxg7+ Qxg7 37. Rxg7 Kxg7 38. g4 Kf7 39. Kg3 Ke6 40. c4 dxc3
41. bxc3 b5 42. Kf3 Kd5 43. Ke3 b4 44. cxb4 cxb4 45. d4 f5 46. Kd3 c5 47. dxc5
Kxc5 48. Ke3 Kd5 49. gxf5 gxf5 50. f4 g4 51. hxg4 fxg4 52. Kd3 g3 53. Ke3 g2 54.
Kf2 Ke4 55. Kxg2 Kxf4 56. Kf2 Ke4 57. Ke2 Kd4 58. Kd2 Ke4 59. Ke2 Kd4 60. Kd2
1/2-1/2

[Event "DRUZYNOWE MISTRZOSTWA POLSKI JUNIOROW - II LIGA"]
[Site "Szczyrk, CKiR Orle Gniazdo ul. Wrzosowa 28a"]
[Date "2014-07-31"]
[Round "9.119"]
[White "Kopacka, Natalia"]
[Black "Jarocka, Liwia"]
[Result "0-1"]
[WhiteTitle "II+"]
[BlackTitle "I"]
[WhiteElo "1294"]
[BlackElo "1325"]

1. e4 e5 2. Nf3 Nc6 3. Bc4 Bc5 4. d3 Nf6 5. Bg5 h6 6. Bh4 g5 7. Bg3 d6 8. h3 Be6
9. Bb3 Qd7 10. c3 O-O-O 11. Qe2 Rdg8 12. Nh2 h5 13. Bxe6 fxe6 14. f3 Ne7 15. b4
Bb6 16. a4 a6 17. a5 Ba7 18. Bf2 Bxf2+ 19. Qxf2 Ng6 20. Qa7 Qb5 21. Qe3 Nf4 22.
Rg1 Nxd3+ 23. Kd2 Nf4 24. Na3 Qc6 25. c4 g4 26. hxg4 hxg4 27. Nxg4 Nxg4 28. fxg4
Rxg4 29. b5 Qc5 30. Qxc5 dxc5 31. g3 Ng6 32. Ke3 Rg8 33. Rae1 Nf8 34. bxa6 Rxg3+
35. Rxg3 Rxg3+ 36. Kf2 Rxa3 37. Rh1 Rxa5 38. Rh8 Rxa6 39. Rxf8+ Kd7 40. Rf7+ Kd8
41. Ke3 Ra3+ 42. Kd2 Ra4 43. Kd3 Rb4 44. Rf8+ Ke7 45. Rc8 c6 46. Rc7+ Kd8 47.
Rh7 b5 48. cxb5 cxb5 49. Rh5 c4+ 50. Kc2 Kd7 51. Rxe5 Kd6 52. Rh5 e5 53. Rh1 Rb3
54. Rh8 Kc5 55. Rd8 Rd3 56. Rh8 Kd4 57. Rh4 Re3 58. Rh8 Kxe4 0-1

[Event "DRUZYNOWE MISTRZOSTWA POLSKI JUNIOROW - II LIGA"]
[Site "Szczyrk, CKiR Orle Gniazdo ul. Wrzosowa 28a"]
[Date "2014-07-31"]
[Round "9.121"]
[White "Kosior, Jan"]
[Black "Hladun, Bartlomiej"]
[Result "0-1"]
[WhiteTitle "II"]
[BlackTitle "II"]
[WhiteElo "1424"]
[BlackElo "1295"]

1. c4 e5 2. Nc3 Nc6 3. g3 d6 4. Bg2 f5 5. d3 Nf6 6. e4 g6 7. Nge2 Bg7 8. O-O O-O
9. Be3 h6 10. Nd5 g5 11. f4 gxf4 12. gxf4 fxe4 13. dxe4 exf4 14. Bxf4 Bg4 15.
Qd2 Kh7 16. Ng3 Nh5 17. Nxh5 Bxh5 18. Be3 Qd7 19. Qc2 Ne5 20. Rf5 Bg4 21. Rf2
Rxf2 22. Bxf2 a6 23. Rf1 Rf8 24. Bh4 Rxf1+ 25. Kxf1 Bh3 26. b3 Kh8 27. Kg1 Qg4
28. Qf2 Bxg2 29. Qxg2 Nf3+ 30. Kf2 Qxg2+ 31. Kxg2 Nxh4+ 32. Kg3 Ng6 33. Nxc7 Be5+
34. Kg2 Kg8 35. b4 Nf4+ 36. Kh1 Nd3 37. b5 axb5 38. cxb5 Nc5 39. Nd5 Kf7 40. Kg2
Nxe4 41. a4 Nc3 42. Nxc3 Bxc3 43. Kf3 Ke6 44. Ke3 Kd5 45. Kd3 Bb4 46. h3 Kc5 47.
Ke4 Kb6 48. Kf5 Ka5 49. h4 Kxa4 50. h5 Kxb5 51. Kg6 Bd2 0-1

[Event "DRUZYNOWE MISTRZOSTWA POLSKI JUNIOROW - II LIGA"]
[Site "Szczyrk, CKiR Orle Gniazdo ul. Wrzosowa 28a"]
[Date "2014-07-31"]
[Round "9.123"]
[White "Sloniewski, Kacper"]
[Black "Mackowiak, Filip"]
[Result "0-1"]
[WhiteTitle "II"]
[BlackTitle "II"]
[WhiteElo "1093"]
[BlackElo "1300"]

1. c4 e6 2. Nc3 d5 3. cxd5 exd5 4. d4 Nf6 5. g3 Bb4 6. Bd2 O-O 7. Bg2 Re8 8. Nf3
Bf5 9. O-O Nbd7 10. Rc1 c6 11. a3 Ba5 12. b4 Bb6 13. Bf4 Nf8 14. Re1 Ng6 15. Bd2
Qd7 16. Qb3 Ne4 17. e3 Re7 18. a4 Rae8 19. Qb2 Bh3 20. a5 Bc7 21. Rb1 Qg4 22.
Ne2 h5 23. Kh1 Nxf2+ 24. Kg1 Nd3 25. Qc2 Nxe1 26. Rxe1 Bxg2 27. Kxg2 h4 28. Rh1
Nf4+ 29. Nxf4 Bxf4 30. Nxh4 Qe2+ 31. Kh3 Bxe3 32. Rd1 Bxd2 33. Rxd2 Qe6+ 34. Kg2
Qe4+ 35. Qxe4 dxe4 36. Re2 Rd7 37. Rd2 e3 38. Re2 Rxd4 39. Nf5 Rd2 40. Kf3 Rxe2
41. Kxe2 Re4 42. Nxe3 Rxb4 43. Kd3 Kf8 44. Kc3 Re4 45. Nc4 Rxc4+ 46. Kxc4 Ke7
47. Kc5 Kd7 48. h4 b6+ 49. axb6 axb6+ 50. Kxb6 Kd6 51. Ka5 Kd5 52. Kb4 Kd4 53.
Kb3 c5 54. Kc2 Kc4 55. g4 Kd4 56. g5 Ke5 57. h5 Kf5 58. h6 gxh6 59. gxh6 Kg6 60.
Kc3 Kxh6 61. Kc4 Kg5 62. Kxc5 f5 63. Kd4 Kg4 64. Ke3 Kg3 65. Ke2 f4 66. Kf1 Kf3
67. Ke1 Kg2 68. Ke2 f3+ 69. Ke1 f2+ 0-1

[Event "DRUZYNOWE MISTRZOSTWA POLSKI JUNIOROW - II LIGA"]
[Site "Szczyrk, CKiR Orle Gniazdo ul. Wrzosowa 28a"]
[Date "2014-07-31"]
[Round "9.124"]
[White "Sulima, Franciszek"]
[Black "Szczapa, Piotr"]
[Result "0-1"]
[WhiteTitle "II"]
[BlackTitle "II"]
[WhiteElo "1243"]
[BlackElo "1170"]

1. e4 d5 2. exd5 Qxd5 3. Nc3 Qd6 4. Nf3 Nf6 5. d4 a6 6. Bc4 b5 7. Bb3 Bb7 8. Be3
e6 9. O-O Be7 10. Re1 O-O 11. Ne5 Nbd7 12. Bf4 Rfe8 13. Qd3 Nh5 14. Bg3 Nxg3 15.
hxg3 Bf6 16. Nxd7 Qxd7 17. Rad1 Rad8 18. Ne2 Qc6 19. f3 Qb6 20. c3 e5 21. Kh1
e4 22. fxe4 Bxe4 23. Qd2 c5 24. Bc2 Bxc2 25. Qxc2 cxd4 26. Nxd4 Rxe1+ 27. Rxe1
Bxd4 28. cxd4 Qxd4 29. Qc6 g6 30. Qxa6 Qxb2 31. Qb6 Qd2 32. Rf1 Qd5 33. a3 Rd6
34. Qc7 Rd7 35. Qb6 Qh5+ 36. Kg1 Rd1 37. Rxd1 Qxd1+ 38. Kh2 Qd3 39. Qb8+ Kg7 40.
Qe5+ Kh6 41. Qf4+ g5 42. Qf6+ Qg6 43. Qxg6+ Kxg6 44. Kg1 Kf5 45. Kf1 Ke4 46. Ke2
f5 47. Kd2 Kd4 48. g4 fxg4 49. g3 h5 50. Ke2 h4 51. Kf1 hxg3 52. Kg2 Kc3 53. Kxg3
Kb3 54. Kxg4 Kxa3 55. Kxg5 b4 56. Kf4 b3 0-1

[Event "DRUZYNOWE MISTRZOSTWA POLSKI JUNIOROW - II LIGA"]
[Site "Szczyrk, CKiR Orle Gniazdo ul. Wrzosowa 28a"]
[Date "2014-07-31"]
[Round "9.125"]
[White "Dabrowska, Aleksandra"]
[Black "Wyrzykowska, Aleksandra"]
[Result "1/2-1/2"]
[WhiteTitle "II"]
[BlackTitle "II"]
[WhiteElo "1372"]
[BlackElo "1080"]

1. e4 c5 2. Nf3 d6 3. d4 cxd4 4. Nxd4 Nf6 5. Nc3 e5 6. Nf3 Be6 7. Bd3 Nc6 8. h3
Be7 9. Bd2 d5 10. Bb5 Qd6 11. Bd3 O-O 12. Nh2 dxe4 13. Nxe4 Nxe4 14. Bxe4 Qd4
15. Bf3 Rfd8 16. c3 Qd6 17. Qc1 Bd5 18. Be3 Bxf3 19. Nxf3 Qg6 20. O-O Rd7 21.
b4 a6 22. a4 Qd6 23. Qc2 Rad8 24. Bb6 Nxb4 25. cxb4 Qxb6 26. Nxe5 Rd5 27. Qe4
Bf6 28. Nc4 Qxb4 29. Rab1 Qxa4 30. Qe2 Qc6 31. Rb6 Qc8 32. Rfb1 R8d7 33. Rxb7
Rxb7 34. Rxb7 g6 35. Rb3 Rc5 36. Ne3 Kg7 37. Ra3 a5 38. Ng4 Qc7 39. g3 Rc1+ 40.
Kg2 Qc6+ 41. Rf3 Rc3 42. Ne3 Bg5 43. Kh2 Bxe3 44. Rxe3 Rxe3 45. Qxe3 Qe6 46. Qc3+
Qf6 47. Qd2 a4 48. Qa2 Qa6 49. Qb2+ f6 50. Qa3 Qa7 51. Kg1 Kf7 52. Qa2+ Kg7 53.
Qa3 Qd7 54. Kh2 Kf7 55. Qa2+ Kg7 56. Qa3 1/2-1/2

[Event "DRUZYNOWE MISTRZOSTWA POLSKI JUNIOROW - II LIGA"]
[Site "Szczyrk, CKiR Orle Gniazdo ul. Wrzosowa 28a"]
[Date "2014-07-31"]
[Round "9.126"]
[White "Filipska, Maja"]
[Black "Kaczmarska, Joanna"]
[Result "0-1"]
[WhiteTitle "I"]
[BlackTitle "I++"]
[WhiteElo "1173"]
[BlackElo "1717"]

1. e4 e5 2. Nf3 Nc6 3. Bc4 Nf6 4. d3 Be7 5. O-O O-O 6. c3 d6 7. Nbd2 Bg4 8. h3
Bh5 9. Re1 Qd7 10. Bb5 a6 11. Ba4 b5 12. Bc2 Kh8 13. Nf1 Ne8 14. Ng3 Bg6 15. d4
f6 16. d5 Na5 17. Bd3 Bf7 18. Nf5 g6 19. Ng3 Nb7 20. b4 Ng7 21. Bh6 c6 22. c4
c5 23. a3 bxc4 24. Bxc4 f5 25. bxc5 Nxc5 26. Rb1 f4 27. Nf1 Rfb8 28. Bxg7+ Kxg7
29. Qc2 Qc7 30. N1d2 g5 31. g3 Qd7 32. Kg2 g4 33. hxg4 fxg3 34. Kxg3 Rg8 35. Nh2
h5 36. f3 Kf8 37. Rg1 Bg5 38. Kf2 Bf4 39. Ndf1 h4 40. Rb2 Qa7 41. Kg2 Ke7 42.
Qb1 Rab8 43. Qc2 Rxb2 44. Qxb2 Rb8 45. Qc2 Qb6 46. Nd2 Qb2 47. Qxb2 Rxb2 48. Nhf1
Bxd2 49. Nxd2 Rxd2+ 50. Kh3 Rf2 51. Rf1 Rxf1 52. Bxf1 Kf6 53. Kxh4 Be8 54. g5+
Kg6 55. Bh3 Bd7 56. Bxd7 Nxd7 57. Kg4 Nb6 58. f4 exf4 59. Kxf4 Nc4 60. a4 Ne5
61. Ke3 Kxg5 62. Kd4 Kf4 63. Kc3 Kxe4 64. Kb4 Kxd5 65. Ka5 Kc5 66. Kxa6 Nc4 67.
a5 d5 68. Kb7 Nxa5+ 69. Ka6 d4 0-1

[Event "DRUZYNOWE MISTRZOSTWA POLSKI JUNIOROW - II LIGA"]
[Site "Szczyrk, CKiR Orle Gniazdo ul. Wrzosowa 28a"]
[Date "2014-07-31"]
[Round "9.127"]
[White "Madalinski, Jan"]
[Black "Komandera, Pawel"]
[Result "1/2-1/2"]
[WhiteTitle "II"]
[BlackTitle "II"]
[WhiteElo "1474"]
[BlackElo "1453"]

1. Nf3 e6 2. d4 d5 3. c4 c6 4. Nc3 f5 5. e3 Nf6 6. Bd2 Bd6 7. cxd5 exd5 8. Rc1
O-O 9. Be2 Ne4 10. Na4 Nd7 11. b4 a5 12. b5 c5 13. dxc5 Ndxc5 14. O-O Nxd2 15.
Nxd2 Qh4 16. Nf3 Bxh2+ 17. Nxh2 Nxa4 18. g3 Qb4 19. a3 Qb2 20. Rb1 Qa2 21. Ra1
Qb2 22. Rb1 Qa2 23. Ra1 Qb2 24. Rb1 1/2-1/2

[Event "DRUZYNOWE MISTRZOSTWA POLSKI JUNIOROW - II LIGA"]
[Site "Szczyrk, CKiR Orle Gniazdo ul. Wrzosowa 28a"]
[Date "2014-07-31"]
[Round "9.132"]
[White "Tamon, Radoslaw"]
[Black "Kokoszczynski, Jan"]
[Result "1/2-1/2"]
[WhiteTitle "I"]
[BlackTitle "I"]
[WhiteElo "1721"]
[BlackElo "1753"]

1. d4 d5 2. c4 Bf5 3. Nc3 e6 4. Nf3 c6 5. Bg5 Be7 6. Bxe7 Qxe7 7. e3 Nf6 8. Be2
O-O 9. O-O Nbd7 10. Nh4 Bg6 11. Nxg6 hxg6 12. cxd5 exd5 13. Qb3 b5 14. a4 a6 15.
axb5 axb5 16. Bd3 Nb6 17. Qc2 Nc4 18. Kh1 Ra7 19. b3 Nd6 20. Rxa7 Qxa7 21. Na2
Qa3 22. Rb1 Rc8 23. Qb2 Qa5 24. Rc1 Ra8 25. Bb1 Nfe4 26. Nc3 Nxc3 27. Rxc3 Qa1
28. Qc1 b4 29. Rxc6 Nb5 30. Rc8+ Rxc8 31. Qxc8+ Kh7 32. Qh3+ Kg8 33. Qc8+ Kh7
34. Qh3+ Kg8 35. Qc8+ Kh7 36. Qh3+ Kg8 1/2-1/2

[Event "DRUZYNOWE MISTRZOSTWA POLSKI JUNIOROW - II LIGA"]
[Site "Szczyrk, CKiR Orle Gniazdo ul. Wrzosowa 28a"]
[Date "2014-07-31"]
[Round "9.133"]
[White "Piotrowicz, Jakub"]
[Black "Blocinski, Maciej"]
[Result "0-1"]
[WhiteTitle "II"]
[BlackTitle "I"]
[WhiteElo "1388"]
[BlackElo "1717"]

1. e4 e5 2. Nf3 Nc6 3. d4 exd4 4. Bc4 Nf6 5. Ng5 d5 6. exd5 Qe7+ 7. Kf1 Ne5 8.
Qxd4 Nxc4 9. Qxc4 Qc5 10. Qxc5 Bxc5 11. c4 h6 12. Nf3 Ng4 13. h3 Nxf2 14. b4 Nxh1
15. bxc5 Ng3+ 16. Kf2 Ne4+ 17. Ke3 Nxc5 18. Ba3 b6 19. Nc3 O-O 20. Nb5 Re8+ 21.
Kf2 Na6 22. Nfd4 Bd7 23. Re1 Rxe1 24. Kxe1 Re8+ 25. Kd2 Re4 26. Kd3 Re1 27. Nxa7
Rg1 28. Nab5 Rxg2 29. Kc3 Rg3+ 30. Kb2 Rxh3 31. Be7 g5 32. Bd8 g4 33. Bxc7 Nxc7
34. Nxc7 g3 35. d6 Rh2+ 36. Kc3 g2 37. Ne2 Rh1 38. Nd5 Re1 39. Ndf4 g1=Q 40. Nxg1
Rxg1 41. Nd5 Be6 42. Nxb6 h5 43. d7 Rd1 44. Nd5 Rxd5 45. cxd5 Bxd7 46. Kd4 h4
47. Ke4 h3 48. Kf3 Kf8 49. Kg3 Ke7 50. a4 Kd6 51. a5 Kxd5 52. a6 Kc6 53. a7 Kb7
54. a8=Q+ Kxa8 55. Kh2 Bg4 56. Kg3 f5 57. Kf2 f4 58. Kg1 f3 59. Kh1 f2 60. Kh2
f1=Q 0-1

[Event "DRUZYNOWE MISTRZOSTWA POLSKI JUNIOROW - II LIGA"]
[Site "Szczyrk, CKiR Orle Gniazdo ul. Wrzosowa 28a"]
[Date "2014-07-31"]
[Round "9.134"]
[White "Wloch, Mikolaj"]
[Black "Rylski, Mateusz"]
[Result "1-0"]
[WhiteTitle "II"]
[BlackTitle "II"]
[WhiteElo "1482"]
[BlackElo "1347"]

1. e4 e6 2. d4 d5 3. Nd2 Nf6 4. e5 Nfd7 5. Bd3 c5 6. c3 Nc6 7. Ne2 Be7 8. Nf3 O-O
9. O-O f6 10. exf6 Nxf6 11. h3 Bd6 12. Bf4 Bxf4 13. Nxf4 Qd6 14. Ne2 b6 15. Ng3
e5 16. dxe5 Nxe5 17. Nxe5 Qxe5 18. Re1 Qd6 19. Ne4 Nxe4 20. Bxe4 Bb7 21. Qd3 g6
22. Rad1 Rad8 23. Bf3 Qf6 24. c4 Qxb2 25. Re7 Bc6 26. Rc7 Ba8 27. Rxa7 d4 28.
Re1 Rf7 29. Rxf7 Kxf7 30. Bxa8 Rxa8 31. Qf3+ Kg7 32. Re7+ Kh6 33. Qf4+ g5 34.
Qf6+ Kh5 35. Rxh7# 1-0

[Event "DRUZYNOWE MISTRZOSTWA POLSKI JUNIOROW - II LIGA"]
[Site "Szczyrk, CKiR Orle Gniazdo ul. Wrzosowa 28a"]
[Date "2014-07-31"]
[Round "9.136"]
[White "Wloch, Dominika"]
[Black "Golecka, Jadwiga"]
[Result "0-1"]
[WhiteTitle "II"]
[BlackTitle "II"]
[WhiteElo "1235"]
[BlackElo "1067"]

1. e4 e5 2. Nf3 d5 3. exd5 e4 4. Nd4 Qxd5 5. Nb3 Nc6 6. Nc3 Qe5 7. Qe2 Nf6 8. Qb5
Bd6 9. Qxe5+ Bxe5 10. Bb5 Bd7 11. Nc5 Bxc3 12. bxc3 Rb8 13. Nxd7 Nxd7 14. Ba3
a6 15. Bxc6 bxc6 16. O-O Nf6 17. Rab1 Kd7 18. Rxb8 Rxb8 19. h3 Ne8 20. f3 f5 21.
fxe4 fxe4 22. Rf7+ Ke6 23. Re7+ Kf5 24. g4+ Kf4 25. Kf2 Rd8 26. Rf7+ Nf6 27. Ke2
Rd7 28. Rxd7 Nxd7 29. Kf2 Ne5 30. Bf8 g6 31. Bh6+ g5 32. Bg7 Nc4 33. d3 e3+ 34.
Ke2 Na3 35. Kd1 Kf3 36. Bd4 e2+ 37. Kd2 Nxc2 38. Kxc2 e1=Q 39. Kb3 Qb1+ 40. Kc4
Qb5# 0-1